| 000 | 00883 a2200193 4500 | ||
|---|---|---|---|
| 003 | NUST | ||
| 005 | 20251120132248.0 | ||
| 040 | _cNust | ||
| 082 | _a621.382,MOH | ||
| 100 |
_aMohsin, NC Syed Raza (TCC-16) _9131961 |
||
| 245 |
_aMitigation of denial of service attack using IP traceback / _cNC Syed Raza Mohsin, NC Adnan Aijaz, Capt Wasif Rehman and Capt Haseeb Khan. |
||
| 260 |
_aRawalpindi _bMCS (NUST) _c2008 |
||
| 300 | _a130 p.; | ||
| 505 | _rIntroduction (Page-1), networking Fundamentals (Page-10), IP v4and IPv6 Basics (Page-26), Attack Methods (Page-43), Existing IP Traceback techniques (Page-50), proposed IP Traceback technique (Page-620, Mobile IP (Page-72),IP Traceback in Mobile IP (Page-83), Conclusion (Page-89). | ||
| 650 |
_aUG Projects _998716 |
||
| 651 |
_aTCC-16 _9131947 |
||
| 700 |
_aSupervised by lt Col Mofassir Ul Haque _9131968 |
||
| 942 |
_2ddc _cPR |
||
| 999 |
_c183673 _d183673 |
||